[Event "Seattle Summer Classic"]
[Site "?"]
[Date "2018.08.17"]
[Round "5"]
[White "Brendan, Zhang"]
[Black "Joseph, Levine"]
[Result "0-1"]
[WhiteElo "2164"]
[BlackElo "2162"]
[PlyCount "53"]
[EventDate "2018.??.??"]

1. d4 d5 2. c4 e6 3. Nc3 Nf6 4. Nf3 c6 5. Bg5 Nbd7 6. e3 Qa5 7. Nd2 Bd6 8. Be2
O-O 9. O-O Re8 10. Rc1 Qd8 11. e4 dxe4 12. Ndxe4 Be7 13. Be3 Nxe4 14. Nxe4 Nf6
15. Qd3 Nxe4 16. Qxe4 Bf6 17. Rfd1 Qe7 18. a3 g6 19. f4 c5 20. Rd2 cxd4 21.
Bxd4 e5 22. fxe5 Bf5 23. Qf3 Bxe5 24. Bxe5 Qxe5 25. Rcd1 b6 26. Bd3 Rac8 (26...
Rad8 27. Qf2 Rxd3 28. Rxd3 Bxd3 29. Rxd3 Qe4 30. Qd2 Qxc4 31. h3 h5 32. b4 Qe4
33. Rd7 Re7 34. Rd8+ Kh7 35. Qb2 Re8 36. Rd7 Re7 37. Rd8 Qe3+ 38. Kh1 Re5 39.
Rd6 Kg8 40. Rd8+ Re8 41. Rd7 Qe1+ 42. Kh2 Qf1 43. Qd4 Kh7 44. Qd2 a5 45. bxa5
bxa5 46. Qa2 Kg8 47. Qd2 Re2 48. Qg5 Re1 49. Kg3 Rb1 50. Qe7 Qe1+ 51. Qxe1 Rxe1
52. Kf4 Ra1 53. Rd3 Ra2 54. g3 Kg7 55. Ke5 Rh2 56. h4 Rf2 57. Ke4 Kf6 (57...
Kf8 58. a4 Kg7 59. Rd4 Kf6 60. Rd6+ Ke7 61. Rd4 Ke6 62. Rd8 Re2+ 63. Kd4) 58.
a4 Ke6) 27. Qf2 0-1

[Event "Seattle Summer Classic"]
[Site "?"]
[Date "2018.08.18"]
[Round "6"]
[White "James, Tarjan"]
[Black "Anthony, He"]
[Result "1-0"]
[WhiteElo "2487"]
[BlackElo "2357"]
[PlyCount "101"]

1. c4 Nf6 2. g3 g6 3. Bg2 d5 4. cxd5 Nxd5 5. Nc3 Nxc3 6. bxc3 Bg7 7. Rb1 O-O 8.
Rxb7 Bxb7 9. Bxb7 Nd7 10. Bxa8 Qxa8 11. f3 Qd5 12. Qc2 Ne5 13. Kf2 Rb8 14. Nh3
Nc4 15. Kg2 Qc5 16. Nf2 f5 17. Rd1 e5 18. d3 Rb2 19. Qa4 Ne3+ 20. Bxe3 Qxe3 21.
Qc4+ Kf8 22. Re1 Rxe2 23. Rxe2 Qxe2 24. Qc5+ Kg8 25. Qd5+ Kf8 26. Qd8+ Kf7 27.
Qxc7+ Kf6 28. Qxa7 Bh6 29. Qb6+ Kf7 30. Qc7+ Kf6 31. f4 exf4 32. gxf4 Qxa2 33.
Qc6+ Qe6 34. Qxe6+ Kxe6 35. Nh3 Bg7 36. Ng5+ Kd5 37. c4+ Kd6 38. Nxh7 Kc5 39.
Ng5 Bh6 40. Kf3 Kc6 41. d4 Bg7 42. Ke3 Bf6 43. Nf7 Kc7 44. Kd3 Be7 45. d5 Kc8
46. d6 Bf6 47. c5 Kd7 48. Kc4 Ke6 49. Ng5+ Kd7 50. Kd5 Kd8 51. Nf3 1-0

[Event "Seattle Summer Classic"]
[Site "?"]
[Date "2018.08.18"]
[Round "6"]
[White "Joseph, Levine"]
[Black "Viktors, Pupols"]
[Result "1/2-1/2"]
[WhiteElo "2132"]
[BlackElo "2201"]
[PlyCount "73"]
[EventDate "2018.??.??"]

1. e4 e6 2. d3 d5 3. Nd2 c5 4. Ngf3 Nc6 5. g3 Nf6 6. Bg2 Be7 7. O-O O-O 8. Re1
b5 9. e5 Ne8 10. Nf1 Nc7 11. h4 b4 12. N1h2 Nb5 13. Bf4 Ncd4 14. Nxd4 cxd4 15.
Qd2 a5 16. h5 Bd7 17. Bh3 Rc8 18. Nf3 Qc7 19. Rac1 a4 20. h6 g6 21. Bg5 Qd8 22.
Bxe7 Qxe7 23. Qf4 f5 24. exf6 Rxf6 25. Qg5 Rcf8 26. Ne5 Qd6 27. f4 a3 28. b3
Bc8 29. Nf3 Qc7 30. Qe5 Qxe5 31. Rxe5 Rd8 32. Kf2 Rd6 33. Ke1 Rf7 34. Ng1 Rc7
35. Ne2 Rdc6 36. Kd2 Bd7 37. Bg4 1/2-1/2

[Event "Seattle Summer Classic"]
[Site "?"]
[Date "2018.08.18"]
[Round "7"]
[White "Brendan, Zhang"]
[Black "Ignacio, Perez"]
[Result "1/2-1/2"]
[WhiteElo "2164"]
[BlackElo "2212"]
[PlyCount "53"]

1. d4 Nf6 2. c4 g6 3. Nc3 Bg7 4. e4 d6 5. Nf3 O-O 6. Be2 e5 7. dxe5 dxe5 8.
Qxd8 Rxd8 9. Nd5 Nxd5 10. cxd5 c6 11. Bc4 b5 12. Bb3 Bb7 13. Bg5 Re8 14. Rc1 h6
15. Be3 a5 16. a4 bxa4 17. Bxa4 Rc8 18. O-O cxd5 19. Rxc8+ Bxc8 20. exd5 Bd7
21. Ra1 Bxa4 22. Rxa4 Nd7 23. g3 Rc8 (23... Rb8 24. Rxa5 Rxb2 25. Ra7 Rb1+ 26.
Kg2 Nf8 27. Rc7 Rb3 28. Ne1 Rb5) 24. Rxa5 Rc2 25. Ra7 Rc1+ 26. Kg2 Nf8 27. Rc7
1/2-1/2

[Event "Seattle Summer Classic"]
[Site "?"]
[Date "2018.08.18"]
[Round "7"]
[White "James, Tarjan"]
[Black "Joseph, Levine"]
[Result "1-0"]
[WhiteElo "2487"]
[BlackElo "2162"]
[PlyCount "82"]

1. c4 e6 2. g3 Nf6 3. Bg2 d5 4. Nf3 Be7 5. O-O O-O 6. b3 c5 7. Bb2 d4 8. e3 Nc6
9. exd4 cxd4 10. Re1 Re8 11. d3 Bb4 12. Nbd2 e5 13. a3 Bc3 14. Qc2 Bxb2 15.
Qxb2 a5 16. b4 axb4 17. axb4 Rxa1 18. Rxa1 Qe7 19. b5 Nb8 20. Re1 Qd6 21. Ng5
Nbd7 22. Nge4 Qc7 23. Qa3 b6 24. Ra1 Nxe4 25. Nxe4 Bb7 26. Qd6 Qc8 27. Bh3 Rd8
28. Ra7 Bxe4 29. Rxd7 Rxd7 30. Bxd7 Qf8 31. Qxf8+ Kxf8 32. dxe4 Ke7 33. Bc6 Kd6
34. Kf1 Kc5 35. Bd5 Kb4 36. Ke2 f6 37. Kd3 g6 38. Bg8 h6 39. Bf7 g5 40. Bh5 Kc5
41. Kc2 (41. Be2 Kb4 42. g4 Kc5 43. Kc2 Kb4 44. Kb2 Kc5 45. Kb3 d3 46. Bxd3 Kd4
47. Kc2 h5 48. gxh5 g4 49. h6 f5 50. exf5 g3 51. hxg3 Kc5 52. h7 Kb4 53. h8=Q
Ka3 54. Kc3 e4 55. Qa8#) 41... Kb4 1-0

[Event "Seattle Summer Classic"]
[Site "?"]
[Date "2018.08.18"]
[Round "7"]
[White "Rushan, Mahajan"]
[Black "Steven, Breckenridge"]
[Result "1/2-1/2"]
[WhiteElo "2063"]
[BlackElo "2406"]
[PlyCount "64"]
[EventDate "2018.??.??"]

1. d4 Nf6 2. Bf4 d6 3. e3 Nbd7 4. Nf3 Nh5 5. Bg5 h6 6. Bh4 g5 7. Nbd2 (7. Bg3
Ndf6 8. Nbd2 c5 9. dxc5 Nxg3 10. hxg3 dxc5 11. e4 Bg7 12. c3 O-O 13. Be2 b5 14.
Bxb5 Qb6 15. Qb3 Be6 16. Bc4 Bxc4 17. Qxb6 axb6 18. Nxc4 Nxe4 19. Nxb6 Ra6 20.
Nc4 Nd6 21. Nfd2 Nxc4 22. Nxc4 Ra4 23. Nb6 Re4+ 24. Kf1 Rb8 25. f3 Re6 26. Nc4
Ra6 27. a4 e5 28. Ke2 Re6 29. Rhd1 e4 30. Kf2 exf3 31. gxf3 g4 32. f4 Re4) 7...
Ndf6 8. Bg3 c5 9. dxc5 Nxg3 10. hxg3 dxc5 11. e4 Bg7 12. c3 O-O 13. Be2 b5 14.
Bxb5 Qb6 15. Qb3 Be6 16. Bc4 Bxc4 17. Qxb6 axb6 18. Nxc4 Nxe4 19. Nxb6 Ra6 20.
Nc4 Nd6 21. Nfd2 Nxc4 22. Nxc4 Ra4 23. Nb6 Re4+ 24. Kf1 Rb8 25. f3 Re6 26. Nc4
Ra6 27. a4 e5 28. Ke2 Re6 29. Rhd1 e4 30. Kf2 exf3 31. gxf3 g4 32. f4 Re4
1/2-1/2

[Event "Seattle Summer Classic"]
[Site "?"]
[Date "2018.08.18"]
[Round "?"]
[White "Ignacio, Perez"]
[Black "Rushan, Mahajan"]
[Result "0-1"]
[WhiteElo "2212"]
[BlackElo "2063"]
[PlyCount "126"]
[EventDate "2018.??.??"]

1. e4 e5 2. Nf3 Nc6 3. Bb5 a6 4. Ba4 Nf6 5. O-O Be7 6. Re1 d6 7. c3 O-O 8. h3
b5 9. Bb3 Nb8 10. d4 Nbd7 11. a4 Bb7 12. Nbd2 c5 13. d5 c4 14. Bc2 Qc7 15. Nf1
Nc5 16. g4 Nfd7 17. Ng3 Rfc8 18. Nf5 Bf8 19. a5 Rab8 20. Ng5 g6 21. Qf3 gxf5
22. Qxf5 Bg7 23. Qxf7+ Kh8 24. f4 Nf6 25. fxe5 dxe5 26. Be3 Qxf7 27. Nxf7+ Kg8
28. Nd6 Rc7 29. g5 Ne8 30. Nf5 Bf8 31. Rad1 Nd6 32. Ng3 Bc8 33. Kh2 Ne8 34. Rf1
Nb7 35. Ba7 Ra8 36. Bb6 Rg7 37. h4 Bg4 38. Rd2 Bc5 39. Nf5 Bxf5 40. exf5 Bxb6
41. axb6 Ned6 42. f6 Rd7 43. h5 Nc5 44. g6 hxg6 45. hxg6 Rf8 46. Re2 e4 47. Re3
Rb7 48. Bd1 Nd7 49. f7+ Kg7 50. Bg4 Ne5 51. Rg3 Nxg4+ 52. Rxg4 Rxb6 53. Rh4 Nb7
54. Rxe4 Rh8+ 55. Kg3 Rxg6+ 56. Rg4 Rxg4+ 57. Kxg4 Rf8 58. Re1 Nc5 59. Re8 Kxf7
60. Re5 Re8 61. Rf5+ Ke7 62. Kh5 Kd6 63. Rf3 Ke5 0-1

[Event "Seattle Summer Classic"]
[Site "?"]
[Date "2018.08.18"]
[Round "8"]
[White "Steven, Brechenridge"]
[Black "Eric, Zhang"]
[Result "1-0"]
[WhiteElo "2406"]
[BlackElo "2063"]
[PlyCount "5"]

1. b3 e5 2. Bb2 f6 3. e4 d6 4. Bc4 Ne7 5. Nf3 c6 6. d4 b5 7.
Be2 a6 8. O-O g6 9. c4 Bg7 10. cxb5 axb5 11. d5 Bd7 12. dxc6 Bxc6 13. Nc3 Qd7
14. a4 b4 15. Nd5 Qb7 16. Bc4 Ra5 17. Nxb4 Qxb4 18. Ba3 Qb7 19. Qxd6 Bxe4 20.
Rfd1 Nbc6 21. b4 Rxa4 22. Bb3 Ra8 23. b5 Nd4 24. Nxd4 exd4 25. Qe6 Rf8 26. Bc5
Qc7 27. Bxe7 Qe5 28. Rxa8+ Bxa8 29. Bxf8+ Qxe6
30. Bxe6 Bxf8 31. Rxd4 Bc5 32. Rd7 h5 33. Rc7 1-0

[Event "Seattle Summer Classic"]
[Site "?"]
[Date "2018.08.18"]
[Round "8"]
[White "Ignacio, Perez"]
[Black "Annie-Marie, Velea"]
[Result "0-1"]
[WhiteElo "2212"]
[BlackElo "1956"]
[PlyCount "60"]

1. d4 d5 2. Nf3 Nf6 3. c4 e6 4. Bg5 Be7 5. Bxf6 Bxf6 6. Nc3 O-O 7. Qc2 b6 8. e4
dxe4 9. Qxe4 c6 10. Bd3 g6 11. h4 Bb7 12. h5 Qe7 13. hxg6 hxg6 14. Qf4 Nd7 15.
Qh6 Rfd8 16. Qh7+ Kf8 17. O-O-O Bg7 18. Ne4 c5 19. Rde1 Bxe4 20. Bxe4 Nf6 21.
Qh3 Nxe4 22. Rxe4 cxd4 23. Nh4 Qf6 24. Qd3 Rac8 25. Kb1 Rc5 26. Rh3 Kg8 27. Rf3
Qg5 28. Rg3 Qf6 29. b3 (29. a3 Rdc8 30. Reg4 R8c7 31. Ka2 Rxc4 32. Rf3 Qe7 33.
Nxg6 fxg6 34. Rxg6 Qd7 35. Rg5 R4c5 36. Rh3 Rxg5 37. Qh7+ Kf8 38. g4 Qd5+ 39.
Rb3) 29... Rdc8 30. Reg4 R8c7 0-1

[Event "Seattle Summer Classic"]
[Site "?"]
[Date "2018.08.18"]
[Round "8"]
[White "Vignesh, Anand"]
[Black "Katie Yuhua, Jiang"]
[Result "1-0"]
[WhiteElo "1939"]
[BlackElo "1675"]
[PlyCount "85"]

1. d4 d5 2. c4 c6 3. e3 Nf6 4. Nf3 e6 5. b3 Nbd7 6. Bd3 Bd6 7. Bb2 O-O 8. Qc2
h6 9. O-O Re8 10. Nc3 e5 11. dxe5 Nxe5 12. Nxe5 Bxe5 13. h3 Be6 14. f4 Bd6 15.
e4 dxe4 16. Nxe4 Nxe4 17. Bxe4 Qe7 18. Rae1 Ba3 19. Bxa3 Qxa3 20. f5 Bd7 21. f6
Qc5+ 22. Kh1 Qg5 23. fxg7 Qxg7 24. Bf5 Bxf5 25. Qxf5 Rxe1 26. Rxe1 Qd4 27. Qh5
Qf6 28. Qg4+ Kf8 29. Qd7 b6 30. Qb7 Re8 31. Rxe8+ Kxe8 32. Qc8+ Ke7 33. Qc7+
Kf8 34. Qxa7 Qf1+ 35. Kh2 Qf4+ 36. Kg1 Qe3+ 37. Kf1 Qd3+ 38. Kf2 Qd2+ 39. Kf3
Qd3+ 40. Kf4 Qf1+ 41. Ke5 c5 (41... b5 42. Qa8+ Kg7 43. Qxc6 bxc4 44. Qxc4 Qf6+
45. Kd5 Qe6+ 46. Kc5 Qe7+ 47. Kb5 Qb7+ 48. Ka4 Qa7+ 49. Kb4 Qe7+ 50. Kc3 Qe1+
51. Kb2 Qd2+ 52. Qc2 Qd5 53. a4 Kg8 54. Ka2 Qa5 55. Qc8+ Kh7 56. Qd7 Qh5 57.
Qd3+ Kg8 58. Qg3+ Kh7 59. Qd3+ Kg8 60. b4 Qg5) 42. Qa8+ Kg7 43. Qc6 1-0

[Event "Seattle Summer Classic"]
[Site "?"]
[Date "2018.08.18"]
[Round "9"]
[White "Kenji, Hiebert"]
[Black "Ignacio, Perez"]
[Result "1-0"]
[WhiteElo "2092"]
[BlackElo "2012"]
[PlyCount "77"]

1. Nf3 Nf6 2. c4 g6 3. Nc3 Bg7 4. e4 d6 5. d4 O-O 6. Be2 e5 7. O-O Nc6 8. dxe5
dxe5 9. Bg5 Bg4 10. Qxd8 Raxd8 11. Nd5 Nxd5 12. cxd5 f6 13. dxc6 fxg5 14. cxb7
Bxf3 15. gxf3 c6 16. Bc4+ Kh8 17. Be6 Rb8 18. Bc8 Rfxc8 19. bxc8=Q+ Rxc8 20.
Rfd1 Bf8 21. Rac1 Rc7 22. Rd8 Kg7 23. Rcd1 Bc5 24. R8d7+ Rxd7 25. Rxd7+ Kh6 26.
Rc7 Bd4 27. b4 g4 28. Kg2 Kg5 29. fxg4 Kxg4 30. Rxc6 Kf4 31. f3 g5 32. h3 h5
33. Rf6+ Ke3 34. a4 g4 35. hxg4 hxg4 36. fxg4 Kxe4 37. g5 Be3 38. g6 Bh6 39.
Rf7 1-0

[Event "Seattle Summer Classic"]
[Site "?"]
[Date "2018.08.19"]
[Round "9"]
[White "Joseph, Truelson"]
[Black "James, Tarjan"]
[Result "0-1"]
[WhiteElo "2088"]
[BlackElo "2487"]
[PlyCount "16"]

1. e4 e5 2. Nf3 Nc6 3. Bc4 Nf6 4. Ng5 d5 5. exd5 Na5 6. d3 h6 7. Nf3 e4 8. Qe2 Nxc4 9. dxc4 Bc5 10. O-O O-O 11. Nfd2 Bg4 12. Qe1 Re8 13. Nb3
Bd6 14. Nc3 Qd7 15. Ne2 Qa4 16. h3 Bh5 17. c5 Be5 18. Nf4 Bxf4 19. Bxf4 Nxd5
20. Be3 Qc4 21. Qc1 Rad8 22. Bd4 f5 0-1

[Event "Seattle Summer Classic"]
[Site "?"]
[Date "2018.08.19"]
[Round "9"]
[White "Steven, Breckenridge"]
[Black "Brendan, Zhang"]
[Result "1-0"]
[WhiteElo "2406"]
[BlackElo "2164"]
[PlyCount "80"]

1. c4 e5 2. Nc3 Nf6 3. g3 c6 4. Bg2 Bb4 5. Qb3 Bxc3 6. Qxc3 d6 7. Nf3 O-O 8. c5
Ne4 9. Qc2 Nxc5 10. Nxe5 Re8 11. Nf3 Qf6 12. d3 Bf5 13. O-O h6 14. Rb1 a5 15.
b3 Nbd7 16. Bb2 Qe7 17. Rfe1 Bg6 18. e4 b5 19. Nh4 Bh7 20. d4 Nxe4 21. Qxc6
Rac8 22. Qxb5 Rb8 23. Qa4 Qf6 24. Bxe4 Bxe4 25. Qxd7 Re7 26. Qg4 Bxb1 27. Rxb1
Rbe8 28. d5 Re1+ 29. Kg2 Qg5 30. Qxg5 hxg5 31. Rxe1 Rxe1 32. Nf5 Rd1 33. Bc3 g6
34. Ne3 Rc1 35. Bxa5 Ra1 36. Bb4 Rxa2 37. Bxd6 f5 38. Be7 g4 39. d6 Kf7 40. Nd5
Rd2 1-0

[Event "Seattle Summer Classic"]
[Site "?"]
[Date "2018.08.19"]
[Round "8"]
[White "Brendan, Zhang"]
[Black "Rushaan, Mahajan"]
[Result "1/2-1/2"]
[WhiteElo "2164"]
[BlackElo "2063"]
[PlyCount "27"]

1. d4 d5 2. c4 c6 3. Nc3 Nf6 4. Nf3 dxc4 5. a4 Bf5 6. e3 e6 7. Bxc4 Bb4 8. O-O
Nbd7 9. Qe2 Bg6 10. Na2 Bd6 11. b4 Bh5 12. Bb2 Ng4 13. Qd2 Ngf6 14.
Ne5 Ne4 15. Qc2 Bg6 16. Bd3 Nef6 17. Rfd1 Bxd3 18. Qxd3 O-O 19. Rac1 Nd5 20. b5
cxb5 21. Qxb5 Bxe5 22. dxe5 a6 23. Qb3 b5 24. axb5 axb5 25. Nb4 Nxb4 26. Qxb4
Rb8 27. Rd2 Rb7 28. Ba3 Re8 29. h3 Qb6 30. Bb2 Qa7 31. Bd4 Qb8 32. f4 Qa8 33.
Rc6 Nb8 34. Rc1 Na6 35. Qa5 Nc7 36. Qxa8 Nxa8 37. Rc6 b4 38. Rdc2 b3
39. Rc8 Rb8 40. Rxe8+ Rxe8 41. Rb2 Rb8 42. Bc5 Rb5 43. Bd4 g5 44. fxg5 Kg7 45.
h4 Kg6 46. g4 Nc7 47. Kf2 Na6 48. Ke2 Rb4 49. Kd3 Rb7 50. e4 Nb4+ 51. Kc4 Nc2
52. Bc5 Ne1 53. Be3 Nc2 54. Bd2 Na3+ 55. Kc3 Nb5+ 56. Kc4 Na3+ 57. Kd3 Rb8 58.
Be3 Rb5 59. Bd4 Nc2 60. Bc3 Rb7 1/2-1/2

[Event "Seattle Summer Classic"]
[Site "?"]
[Date "2018.08.18"]
[Round "6"]
[White "Eric, Zhang"]
[Black "Brendan, Zhang"]
[Result "1-0"]
[WhiteElo "2127"]
[BlackElo "2164"]
[PlyCount "141"]
[EventDate "2018.??.??"]

1. d4 Nf6 2. c4 e6 3. Nf3 b6 4. g3 Bb7 5. Bg2 Be7 6. O-O O-O 7. d5 exd5 8. Nh4
Ne4 9. cxd5 Bxh4 10. Bxe4 Bf6 11. Nc3 Re8 12. Qc2 g6 13. Bg2 Bg7 14. Bf4 d6 15.
Rac1 Qd7 16. a4 a5 17. Ne4 Na6 18. Bh6 Bh8 19. f4 Qf5 20. Ng5 Bd4+ 21. Kh1 Qxc2
22. Rxc2 Re7 23. f5 Nc5 24. f6 Ree8 25. Rc4 Bxb2 26. Rh4 Re5 27. g4 Bxd5 28.
Bxd5 Rxd5 29. Nxh7 Ne6 30. Rf3 Bc1 31. e3 b5 32. Rfh3 Bb2 33. g5 Rf5 34. Nf8
Bxf6 35. gxf6 Nxf8 36. Bxf8 Rh5 37. Rxh5 gxh5 38. Bg7 Kh7 39. Rxh5+ Kg6 40.
Rxb5 c6 41. Rb7 Re8 42. Re7 Rb8 43. Ra7 c5 44. Rxa5 c4 45. Ra6 d5 46. Rd6 Rb2
47. Rxd5 c3 48. Rd1 c2 49. Rg1+ Kf5 50. Bf8 Rb1 51. Ba3 Kxf6 52. Rc1 Rb3 53.
Rf1+ Ke5 54. Bc1 f5 55. Rf2 Rb4 56. Rxc2 Rxa4 57. Kg2 Rg4+ 58. Kf3 Rh4 59. Bb2+
Ke6 60. Rg2 Rh3+ 61. Kf2 Kd5 62. Bc1 Ke4 63. Kg1 Rh8 64. Rf2 Rb8 65. Rf4+ Ke5
66. Ba3 Rg8+ 67. Kf2 Rc8 68. Bb2+ Ke6 69. Ba3 Rc7 70. Kg3 Rb7 (70... Rh7 71.
Rh4 Rb7 72. Rh6+ Kd5 73. Kf4 Rf7 74. h4 Kc4 75. h5 Kd3 76. Rg6) 71. Rh4 1-0

[Event "Seattle Summer Classic"]
[Site "?"]
[Date "????.??.??"]
[Round "?"]
[White "Vignesh Anand"]
[Black "Brian Sullivan"]
[Result "1-0"]
[WhiteElo "1939"]
[BlackElo "1652"]
[PlyCount "47"]

1. d4 d5 2. c4 c6 3. Nf3 Nf6 4. e3 e6 5. b3 Nbd7 6. Bd3 Bd6 7. Bb2 O-O 8. O-O
b6 9. Nbd2 Bb7 10. Qe2 Qc7 11. e4 dxe4 12. Nxe4 Rad8 13. Ne5 Be7 14. f4 c5 15.
Rad1 cxd4 16. Ng5 Nc5 17. Bb1 h6 18. b4 hxg5 19. fxg5 d3 20. Nxd3 Nxd3 21. gxf6
Nf4 22. Qg4 g6 23. fxe7 Qxe7 24. Qxf4 1-0

[Event "Seattle Summer Classic"]
[Site "?"]
[Date "????.??.??"]
[Round "?"]
[White "Derin Goktepe"]
[Black "Vignesh Anand"]
[Result "0-1"]
[WhiteElo "1607"]
[BlackElo "1939"]
[PlyCount "110"]

1. e4 e6 2. c4 d5 3. cxd5 exd5 4. exd5 Nf6 5. Nc3 Nxd5 6. Bc4 Nb6 7. Bb3 Nc6 8.
Nge2 Bf5 9. d4 Nb4 10. O-O Qd7 11. Ng3 Bg6 12. Bg5 Bd6 13. Re1+ Kf8 14. Qf3 h6
15. Bd2 Kg8 16. Nge4 Be7 17. Qg3 Kh7 18. a3 Nc6 19. d5 Na5 20. Ba2 f5 21. b4
Nac4 22. Nc5 Bxc5 23. bxc5 Nxd2 24. cxb6 axb6 25. Rad1 Ne4 26. Nxe4 fxe4 27.
Bb3 Rxa3 28. d6 Bh5 29. Rd4 Bf7 30. Qe5 Re8 31. dxc7 Qc8 32. Qd6 Rxb3 33. h3
Rc3 34. Qxb6 Qxc7 35. Qb1 Bg6 36. Qb5 Qc6 37. Qe2 e3 38. f3 Rc2 39. Qd1 e2 40.
Qa1 Qc3 41. Qxc3 Rxc3 42. Rd2 Rc2 43. Rd7 b5 44. Rb7 Rd8 45. Rxb5 Rd1 46. Rb1
Rcd2 47. Rbxd1 exd1=Q 48. Rxd1 Rxd1+ 49. Kf2 Rd2+ 50. Kg3 Bd3 51. f4 Be4 52.
Kh4 Rxg2 53. f5 Bxf5 54. Kh5 g5 55. h4 Bg6# 0-1

[Event "Seattle Summer Classic"]
[Site "?"]
[Date "????.??.??"]
[Round "?"]
[White "Vignesh Anand"]
[Black "Jeffrey Yan"]
[Result "1-0"]
[WhiteElo "1939"]
[BlackElo "1842"]
[PlyCount "61"]

1. d4 e6 2. c4 Nf6 3. Nf3 b6 4. g3 Ba6 5. Qc2 Bb7 6. Bg2 Be4 7. Qd1 c5 8. Nc3
Bb7 9. d5 exd5 10. cxd5 d6 11. O-O Nbd7 12. e4 Be7 13. Re1 O-O 14. e5 Nxe5 15.
Nxe5 dxe5 16. d6 Bxg2 17. dxe7 Qxe7 18. Kxg2 Rad8 19. Qe2 Nd7 20. Bf4 f6 21.
Qc4+ Kh8 22. Rad1 g5 23. Bc1 f5 24. Nd5 Qg7 25. Nc7 f4 26. Ne6 Qf7 27. Qd5 fxg3
28. fxg3 Qf2+ 29. Kh1 Nf6 30. Qg2 Ng4 31. Nxd8 1-0

[Event "Seattle Summer Classic"]
[Site "?"]
[Date "????.??.??"]
[Round "?"]
[White "H.G. Pitre"]
[Black "Vignesh Anand"]
[Result "0-1"]
[WhiteElo "1939"]
[BlackElo "1836"]
[PlyCount "102"]

1. e4 e6 2. d4 d5 3. e5 c5 4. f4 cxd4 5. Nf3 Nc6 6. a3 a5 7. b3 Bc5 8. Bd3 Nh6
9. Nbd2 Ng4 10. Qe2 Ne3 11. Nf1 Qb6 12. Kf2 Bd7 13. Kg1 O-O-O 14. h3 f6 15. Ng3
fxe5 16. fxe5 g5 17. Bd2 h5 18. b4 Be7 19. Nf1 g4 20. hxg4 hxg4 21. Rxh8 Rxh8
22. N3h2 Nxe5 23. Bxe3 dxe3 24. Qxe3 Qxe3+ 25. Nxe3 Nxd3 26. cxd3 axb4 27. axb4
Kb8 28. Nhxg4 Bxb4 29. Ne5 Rh7 30. d4 Bc3 31. Rd1 Ba4 32. Rd3 Rc7 33. Kf2 b5
34. Nd7+ Ka7 35. Nc5 Bxd4 36. Nxe6 Bxe3+ 37. Rxe3 Rc2+ 38. Re2 Rc4 39. Rd2 b4
40. Nd4 Kb6 41. Ke3 Ka5 42. Kf4 b3 43. Ke5 Rc5 44. g4 Kb4 45. g5 Kc3 46. Rd1 b2
47. Rg1 Bc2 48. Ne2+ Kb4 49. g6 b1=Q 50. Rxb1+ Bxb1 51. g7 Bh7 0-1

[Event "Seattle Summer Classic"]
[Site "?"]
[Date "2018.08.16"]
[Round "3"]
[White "Rushaan, Mahajan"]
[Black "David, Arganian"]
[Result "1-0"]
[WhiteElo "2063"]
[BlackElo "2062"]
[PlyCount "22"]

1. d4 Nf6 2. Bf4 d5 3. e3 e6 4. Nd2 c5 5. c3 Nc6 6. Bd3 Bd6 7. dxc5 Bxc5 8.
Ngf3 Nh5 9. Bg5 f6 10. Bh4 g6 11. b4 (11. e4) (11. c4 Nb4 12. Be2 dxc4 13. Nxc4
Qxd1+ 14. Rxd1 Nxa2 15. g4 Ng7 16. Bxf6 O-O 17. Be5 b5 18. Nd6 Bxd6 19. Bxd6
Bb7 20. Bxf8 Rxf8 21. Rd7 Bxf3 22. Bxf3 Rxf3 23. Ke2 Rf7 24. Rxf7 Kxf7 25. Ra1
Nb4 26. Rxa7+ Kf8 27. Rb7 h5 28. Rxb5 Nc6 29. h3 hxg4 30. hxg4 Nd8 31. e4 Ke7
32. e5 g5 33. Ke3 Ne8 34. Ra5 Nb7 35. Ra1 Kd7 36. f4 gxf4+ 37. Kxf4 Nc7 38. g5
Nd5+ 39. Kg4 Nd8 40. g6 Nc6 41. Re1 Ncb4 42. Rd1 Nc6 43. g7 Nce7 44. Kg5 Ng8
45. Kg6 Ke8 46. Kh7 Nde7 47. Rf1) 11... Nxb4 1-0

[Event "Seattle Summer Classic"]
[Site "?"]
[Date "2018.08.18"]
[Round "6"]
[White "August, Piper"]
[Black "Rowen, Foxley"]
[Result "0-1"]
[WhiteElo "1500"]
[BlackElo "1352"]
[PlyCount "68"]

1. Nf3 Nf6 2. g3 g6 3. b3 Bg7 4. Bb2 c5 5. e4 d6 6. Bg2 Nc6 7. d3 Qc7 8. Nbd2
b5 9. a3 Bb7 10. g4 h6 11. h3 e6 12. Rc1 a6 13. Nh2 e5 14. h4 Ne7 15. c4 Nc6
16. Bh3 Nd4 17. Nhf3 Ne6 18. Nf1 Nf4 19. Ng1 bxc4 20. bxc4 g5 21. h5 Bc6 22.
Ne3 Nxd3+ 23. Qxd3 Bxe4 24. Qf1 Bxh1 25. Nf5 O-O 26. Rd1 Qa5+ 27. Rd2 Ne4 28.
Qd3 Qxd2+ 29. Qxd2 Nxd2 30. Kxd2 Rab8 31. Kc2 Be4+ 32. Kc1 Bxf5 33. gxf5 Rb3
34. Ne2 Rxh3 0-1

[Event "Seattle Summer Classic"]
[Site "?"]
[Date "2018.08.19"]
[Round "9"]
[White "Lorenzo, Patton Jr"]
[Black "Kate, Jiang"]
[Result "0-1"]
[WhiteElo "1649"]
[BlackElo "1675"]
[PlyCount "68"]

1. d4 d5 2. c4 c6 3. Nf3 Nf6 4. e3 e6 5. Bd3 dxc4 6. Bxc4 b5 7. Bd3 Nbd7 8. O-O
a6 9. Qc2 c5 10. dxc5 Bxc5 11. b3 Bb7 12. Nbd2 Rc8 13. Qb1 O-O 14. Bb2 Qb6 15.
h3 h6 16. a3 a5 17. Rc1 Rfd8 18. Nd4 Ba6 19. Ne4 e5 20. Nf3 Nxe4 21. Bxe4 Qb8
22. Bf5 Bd6 23. Rxc8 Bxc8 24. Qc2 Nc5 25. Nh4 Be6 26. Bxe6 Nxe6 27. Nf5 Bf8 28.
Rd1 Rxd1+ 29. Qxd1 g6 30. Qg4 Nc5 31. Nh4 Kh7 32. b4 Nd3 33. Bc3 Bd6 (33... Qd6
34. Qe2 Qd5 35. Qd2 Qc4 36. Nf3) 34. Qe2 Qd8 0-1

[Event "Seattle Summer Classic"]
[Site "?"]
[Date "2018.08.19"]
[Round "9"]
[White "Rowan, Foxley"]
[Black "Mudit, Johar"]
[Result "1/2-1/2"]
[WhiteElo "1352"]
[BlackElo "1043"]
[PlyCount "63"]

1. c4 e5 2. g3 Nf6 3. Bg2 c6 4. d4 exd4 5. Qxd4 d5 6. cxd5 cxd5 7. Nf3 Nc6 8.
Qa4 Bd7 9. Qb3 Qb6 10. Qxb6 axb6 11. Nc3 Bc5 12. Bg5 Bb4 13. Bxf6 gxf6 14. O-O
Bxc3 15. bxc3 O-O 16. Rfd1 Be6 17. Nd4 Nxd4 18. Rxd4 Rfd8 19. a4 Kg7 20. Rb1
Ra6 21. c4 Rxa4 22. Bxd5 Bxd5 23. Rxd5 Rxd5 24. cxd5 Ra6 25. d6 Kf8 26. d7 Ke7
27. Rd1 Kd8 28. Rd5 Ra1+ 29. Kg2 Rc1 30. Rd6 Rc6 31. Rd4 Rc1 (31... Rc7 32. Rd6
Rxd7 33. Rxb6 Ke7 34. Kf3 h5 35. Kf4 Rd4+ 36. Ke3 Rd7 37. f3 Rd5 38. Rxb7+ Ke6
39. h4 Re5+ 40. Kf2 Rc5 41. Rb4 Re5 42. g4 hxg4 43. fxg4 Ke7 44. Rb8 Re4 45.
Kf3 f5 46. h5 Rxg4 47. h6 Rh4 48. Rb6 Kf8 49. Rf6 Kg8 50. Kg3 Re4 51. Rxf5 Rxe2
) 32. Rd6 1/2-1/2

[Event "Seattle Summer Classic"]
[Site "?"]
[Date "2018.08.19"]
[Round "8"]
[White "Brian, Sullivan"]
[Black "Lorenzo, Patton Jr"]
[Result "1-0"]
[WhiteElo "1652"]
[BlackElo "1649"]
[PlyCount "54"]

1. d4 Nf6 2. c4 e6 3. Nc3 Bb4 4. Qc2 O-O 5. Nf3 d5 6. e3 Nbd7 7. Be2 c6 8. O-O
Qc7 9. Bd2 Be7 10. Rac1 Re8 11. Rfd1 h6 12. e4 dxe4 13. Nxe4 Nxe4 14. Qxe4 Nf6
15. Qc2 Bd7 16. Ne5 Bd6 17. f4 c5 18. Be3 cxd4 19. Bxd4 Bc5 20. Bf3 Rab8 21.
Kh1 Bxd4 22. Rxd4 Bc6 23. b3 Rbd8 24. Rcd1 b5 25. Rxd8 Rxd8 26. Rxd8+ Qxd8 27.
Qd3 (27. Qd1 Qd4) 27... Qxd3 1-0

[Event "Seattle Summer Classic"]
[Site "?"]
[Date "2018.08.19"]
[Round "9"]
[White "Sacchit, Boddapiti"]
[Black "Saket, Sing"]
[Result "0-1"]
[WhiteElo "702"]
[BlackElo "1317"]
[PlyCount "69"]

1. d4 Nf6 2. Nf3 g6 3. Bf4 Bg7 4. e3 O-O 5. Nbd2 Nc6 6. c3 d6 7. Be2 Bf5 8. h3
Re8 9. Nc4 Nd7 10. O-O e6 11. Bd3 Bxd3 12. Qxd3 e5 13. d5 Ncb8 14. Bh2 e4 15.
Qe2 exf3 16. Qxf3 Nc5 17. Qe2 Nbd7 18. Rfe1 Rc8 19. Bxd6 b5 20. Bxc5 Nxc5 21.
Na5 Qxd5 22. Qxb5 a6 23. Qc6 Qxc6 24. Nxc6 Re6 25. Nd4 Bxd4 26. exd4 Rxe1+ 27.
Rxe1 Nd3 28. Rb1 Re8 29. Kf1 Kg7 30. b3 Kf6 31. Rd1 Nf4 32. d5 Rd8 33. c4 c6
34. d6 c5 35. a3 0-1

[Event "Seattle Summer Classic"]
[Site "?"]
[Date "2018.08.19"]
[Round "9"]
[White "Anand, Gupta"]
[Black "Alex, Kaelin"]
[Result "0-1"]
[WhiteElo "1642"]
[BlackElo "1673"]
[PlyCount "49"]

1. d4 e6 2. c4 f5 3. g3 Nf6 4. Bg5 Be7 5. Nc3 O-O 6. Bg2 d6 7. Nf3 a5 8. O-O
Na6 9. Bxf6 Bxf6 10. e4 e5 11. dxe5 dxe5 12. exf5 Bxf5 13. Nd2 Qc8 14. Nde4
Bxe4 15. Nxe4 c6 16. c5 Kh8 17. Nd6 Qc7 18. Rc1 Rad8 19. Be4 g6 20. Qc2 Nxc5
21. Nb5 cxb5 22. Qxc5 Qd7 23. Rfd1 Qxd1+ 24. Rxd1 Rd7 (24... Rxd1+ 25. Kg2 Bg7
26. Qxb5 Rd2 27. Qxa5 Rdxf2+ 28. Kh3 Rxb2 29. Qa7 b5 30. Bd5 b4 31. Qb7 h5 32.
Bf7 Kh7 33. Qd7 Rf2 34. Bd5 Rb2 35. Bf7 e4 36. Qe6 Rxf7 37. Qxf7 e3 38. Qe6 e2
39. Qe4 Rxa2 40. g4 hxg4+ 41. Kxg4 b3 42. Kf3 Bf6 43. Qe6 e1=Q 44. Qxe1 b2 45.
Qf1 Kg7 46. Qd1 Ra7 47. Qd3 Ra3 48. Qxa3 b1=Q 49. Qa7+ Kh6 50. Qe3+ Bg5 51. Qe8
Qf1+ 52. Kg3 Bh4+ 53. Kg4 Qf6) 25. Rd5 0-1